Breaking Bad Characters - Statistics

General Stats
  • This quiz has been taken 123 times
  • The average score is 26 of 43
Answer Stats
Hint Answer % Correct
Teacher turned meth cook Walter White
100%
Son with cerebral palsy Walter White Jr
100%
Former student, partner Jesse Pinkman
99%
Protagonist of prequel series Jimmy McGill
99%
DEA Agent, ASAC Hank Schrader
97%
Wife, hated by some viewers Skyler White
97%
The Chicken Man Gustavo Fring
95%
Former cop, enforcer Mike Ehrmantraut
90%
Cartel member with anger issues Tuco Salamanca
88%
Thieving sister-in-law Marie Schrader
85%
Wheelchair bound cartel member Hector Salamanca
81%
Dealer who gets busted Badger
76%
Beanie wearing dealer Skinny Pete
76%
Infant daughter Holly White
73%
Killed a kid Todd Alquist
70%
Dealer who is killed Combo
68%
Lawyer and wife to #3 Kim Wexler
66%
Strangled with a bike lock Krazy-8
65%
Neighbour and love interest of #2 Jane Margolis
64%
Murdered cook, brewed the perfect coffee Gale Boetticher
63%
Neo-Nazi drug lord Jack Welker
63%
Businesswoman, methylamine dealer Lydia Rodarte-Quayle
61%
Cunning mustached cartel member Lalo Salamanca
56%
Throat slit with box cutter Victor
51%
Allergic to electricity? Chuck McGill
49%
Co-owner of Gray Matter Elliot Schwartz
48%
Co-owner of Gray Matter Gretchen Schwartz
48%
DEA informant, beheaded Tortuga
47%
Enforcer killed in explosion Tyrus Kitt
47%
Beloved security guard and pickpocket Huell Babineaux
46%
Cousin hitman Marco Salamanca
45%
Senior partner of HHM Howard Hamlin
44%
Hispanic DEA Agent Steven Gomez
44%
Head of the Cartel Eladio Vuente
43%
Lead German engineer Werner Ziegler
37%
Cousin hitman Leonel Salamanca
36%
Informant to 'the Chicken Man' Nacho Varga
35%
CEO of family firm Ted Beneke
31%
Father of above Donald Margolis
26%
Red-headed criminal and associate of the above Kuby
23%
First death of Breaking Bad Emilio Koyama
18%
Cartel associate, killed by his subordinate Juan Bolsa
18%
First death of Better Call Saul, killed alongside Jack Fensky Troy Hoffman
7%
No matching quizzes found
Score Distribution
Percent of People with Each Score
Percentile by Number Answered
Your Score History
You have not taken this quiz